00297nam a2200097Ia 4500008004100000245003800041245004800079260000900127650001200136856005100148171211s9999 xx 000 0 und d 4aThe Gothic Worlds of Peter Straub cForeword Gary K. Wolfe and John C. Tibbetts c2016 xCULTURE uhttp://down.ebook777.com/062/9781476664927.pdf